| 000 | 00690nam a2200217Ia 4500 | ||
|---|---|---|---|
| 001 | 15927 | ||
| 003 | GE_BSU | ||
| 008 | 181216s||||||||xx |||||||||||||| ||und|| | ||
| 040 | _cGE_BSU | ||
| 100 | _aხოშტარია, ილია | ||
| 245 | _aგულითადი საჩუქარი | ||
| 245 | _bლექსები | ||
| 245 | _cრედ.ი.ნონეშვილი.მხ.გ.კახიძე | ||
| 260 | _aთბილისი | ||
| 260 | _bსაბლიტგამი | ||
| 260 | _c1955 | ||
| 300 | _a66გვ. : ილ. 21სმ. | ||
| 653 | _aგულითადი საჩუქარი | ||
| 653 | _aლექსები | ||
| 942 | _cBK | ||
| 999 |
_c49022 _d49022 |
||